Statistics for Countries Closest to the Tropics A-Z

Click here to take the quiz!

General Stats

  • This quiz has been taken 511 times
    (407 since last reset)
  • The average score is 24 of 45

Answer Stats

Tropic of...Country% Correct
CapricornAArgentina, Australia
87%
BOTHOOman
82%
BOTHQQatar
81%
BOTHYYemen
81%
CancerZZambia
76%
CancerMMali, Mauritania, ...
75%
CapricornBBrazil
74%
CapricornZZimbabwe
72%
CancerIIndia
69%
CapricornIIndonesia
67%
CancerCChad, China
65%
CapricornCChile
64%
CapricornUUruguay
64%
CancerJJapan
62%
CancerAAlgeria
60%
CancerVVietnam
60%
CancerHHaiti
58%
CapricornJJamaica
58%
CapricornDDR Congo
55%
CancerEEgypt
55%
CapricornVVanuatu
55%
CapricornPParaguay
54%
CancerFFrance
53%
CapricornKKenya
53%
CapricornFFiji
50%
CapricornMMadagascar, Mozambique
50%
CancerBBahamas, Bangladesh
47%
CapricornHHonduras
47%
CancerLLibya
47%
CapricornRRwanda
46%
CancerDDominican Republic
44%
CapricornNNamibia
44%
CancerRRussia
44%
CancerNNiger
42%
CapricornSSouth Africa
40%
CancerUUnited Arab Emirates
39%
CapricornEEast Timor
37%
CancerGGuatemala
36%
CancerPPakistan
36%
CapricornTTonga
36%
CapricornGGabon
35%
CapricornLLesotho
34%
CancerKKuwait
33%
CancerSSaudi Arabia
33%
CancerTTaiwan
17%

Score Distribution

Percentile by Number Answered

Percent of People with Each Score

Your Score History

You have not taken this quiz since the last reset